Van Aladdin tot Zwaan kleef aan : lexicon van sprookjes: ontstaan, ontwikkeling, variaties /

Saved in:
Bibliographic Details
Main Author: Dekker, A. J.
Other Authors: Kooi, J. van der, Meder, Theo.
Format: Book
Language:Dutch
Published: [Louvain] : Nijmegen : Kritak ; SUN, c1997.
Subjects:
Tags: Add Tag
No Tags, Be the first to tag this record!
LEADER 00920cam a2200277 a 4500
001 007720573-1
005 20020606104010.5
008 980212s1997 be a b 001 0 dut c
010 |a  98114942  
020 |a 9063037236 (Kritak) 
020 |a 906168613X (SUN) 
035 0 |a ocm39361030 
040 |a DLC  |c DLC  |d CU  |d DLC 
042 |a pcc 
050 0 4 |a GR74.4  |b .D45 1997 
100 1 |a Dekker, A. J. 
245 1 0 |a Van Aladdin tot Zwaan kleef aan :  |b lexicon van sprookjes: ontstaan, ontwikkeling, variaties /  |c Ton Dekker, Jurjen van der Kooi, Theo Meder. 
260 |a [Louvain] :  |b Kritak ;  |a Nijmegen :  |b SUN,  |c c1997. 
300 |a 478 p. :  |b ill. ;  |c 22 cm. 
504 |a Includes bibliographical references (p. 442-455) and index. 
650 0 |a Tales  |x Themes, motives. 
650 0 |a Folk literature  |x Themes, motives. 
700 1 |a Kooi, J. van der  |q (Jurjen) 
700 1 |a Meder, Theo. 
988 |a 20020608 
906 |0 DLC